000 00304nam a22001337a 4500
008 170602b xxu||||| |||| 00| 0 eng d
020 _a9780130629166
041 _aeng
080 _a94(7/8)
100 _a17
101 _aSHH
245 _aAMERICA PATHWAYS TO THE PRESENT
_cCAYTON,A
942 _2udc
_cBK
999 _c15665
_d15665